Construction of Orthodoxy and Heresy (Record no. 10026)

MARC details
000 -LEADER
fixed length control field 00689nam a2200253 a 4500
020 ## - INTERNATIONAL STANDARD BOOK NUMBER
ISBN
082 00 - DEWEY DECIMAL CLASSIFICATION NUMBER
Classification number 291.65
Author Cutter HEN
100 ## - MAIN ENTRY--AUTHOR NAME
Author name Henderson, John B
245 ## - TITLE STATEMENT
Title Construction of Orthodoxy and Heresy
Sub title Neo-Confucian, Islamic, Jewish, and E
260 ## - PUBLICATION, DISTRIBUTION, ETC. (IMPRINT)
Place of publication New York
Name of publisher State University of New York Press
Year of publication 1998
300 ## - PHYSICAL DESCRIPTION
Number of Pages 265p
500 ## - GENERAL NOTE
General note includes index and biblioraphy
505 2# - FORMATTED CONTENTS NOTE
Formatted contents note Index
650 ## - SUBJECT ADDED ENTRY--TOPICAL TERM
Topical Term Comparative Religion-Heresies
650 ## - SUBJECT ADDED ENTRY--TOPICAL TERM
Topical Term Heresies
942 ## - ADDED ENTRY ELEMENTS (KOHA)
Koha item type Books
700 1# -
-- Henderson, John B
Holdings
Collection code Home library Current library Date acquired Cost, normal purchase price Full call number Accession Number Koha item type
  Henry Martyn Institute Library Henry Martyn Institute Library 07/19/2007 1055.70 291.65 HEN 019320 Books
                   Copyright © 2026 | Henry Martyn Institute | Hyderabad | TS-500052 | INDIA | Implemented by hmi.edu.in
Hit-Count:

Powered by Koha